| 000 | 01475nam0a2200397 4500 | ||
|---|---|---|---|
| 001 | RU\NLR\bibl\1835016 | ||
| 005 | 20260406091225.0 | ||
| 010 |
_a978-5-271-36719-9 _bАстрель |
||
| 010 |
_a978-5-9725-2091-6 _bАстрель-СПб _95000 |
||
| 021 |
_aRU _b2011-83916 _95978 |
||
| 021 |
_aRU _b2012-1905 _9145 |
||
| 035 | _a(nilc)IZD\AST\2007\1099526 | ||
| 035 | _a(NLR Aleph) 001825502 | ||
| 090 |
_a2065173 _c2065173 |
||
| 100 | _a20111017d2011 |||y0rusy50 ca | ||
| 101 | 0 | _arus | |
| 102 | _aRU | ||
| 105 | _aa ||||||||| | ||
| 200 | 1 |
_aАнкета сыщиков _fКатя Матюшина, Катя Оковитая |
|
| 210 |
_aМосква _cAстрель _cАстрель-СПб _d2011 |
||
| 215 |
_a138, [5] с. _cцв. ил. _d21 |
||
| 686 |
_a84(2Рос=Рус)6 _vLBC/PL _2rubbk |
||
| 686 |
_a0730 _aКнижки-игрушки _2TCC-BG |
||
| 686 | _aШ992 | ||
| 700 | 1 |
_4070 _8rus _7ca _aМатюшкина _bЕ. А. _f1976- _gЕкатерина Александровна _3RU\NLR\auth\7746761 _929696 |
|
| 701 | 1 |
_4070 _8rus _7ca _aОковитая _bЕ. В. _f1980- _gЕкатерина Викторовна _3RU\NLR\AUTH\7760013 _942944 |
|
| 801 | 0 |
_aRU _bЛИБНЕТ _c20111017 _gRCR |
|
| 801 | 1 |
_aRU _bЛИБНЕТ _c20111017 |
|
| 801 | 2 |
_aRU _bЦУНБ Москва _c20111110 _gRCR |
|
| 801 | 2 |
_aRU _bNLR _c20111116 _grcr |
|
| 830 | _aCODE_OF_LIBNET\000064161 | ||
| 942 | _cBOOK | ||
| 980 | _aNB | ||
| 980 | _aNBR | ||